| 000 | 00815nam a22002417a 4500 | ||
|---|---|---|---|
| 005 | 2010080701511.0 | ||
| 010 | _aENG-98791 | ||
| 020 |
_a9788189840761 _c150.00 |
||
| 035 | _aEN-82323 | ||
| 037 | _bDBAD/PUB | ||
| 082 | _a515.625 | ||
| 100 |
_aVasanthi, R.P. _99160 |
||
| 245 |
_aA first course in difference equation / _cby R.P. Vasanthi |
||
| 260 |
_aErode _bPallavi Pathippagam _c2008 |
||
| 270 |
_a194,Kanna Complex _bDelhi _e11 |
||
| 300 | v |
_a168p. _c23cm (pbk) |
|
| 500 | _aIncludes bibliographical references and index. | ||
| 650 |
_aDifference equation _99161 |
||
| 700 | _98297 | ||
| 700 | _98298 | ||
| 942 |
_2ddc _cEN _h515.625 _mVAS |
||
| 999 |
_c40044 _d40044 |
||